DC Metro Stations Quiz - Statistics

General Stats
  • This quiz has been taken 292 times
  • The average score is 44 of 98
Answers on the Map
Answers color-coded by a green-red scale on the quiz's map according to % correct below.
 
Answer Stats
Station Name % Correct
Pentagon
80%
Smithsonian
80%
Bethesda
79%
Metro Center
78%
Gallery Place
75%
Foggy Bottom–GWU
73%
L'Enfant Plaza
73%
Dupont Circle
70%
Navy Yard–Ballpark
70%
Ronald Reagan Washington National Airport
68%
Shady Grove
67%
Silver Spring
67%
Union Station
67%
Vienna
67%
Farragut West
65%
Rosslyn
65%
Farragut North
64%
Pentagon City
64%
Dulles International Airport
63%
Greenbelt
63%
Crystal City
62%
Tysons
61%
Glenmont
60%
Tenleytown–AU
59%
Ashburn
57%
Franconia–Springfield
57%
King Street–Old Town
57%
Anacostia
56%
Rockville
56%
College Park–University of Maryland
55%
New Carrollton
55%
Woodley Park
54%
NoMa–Gallaudet U
53%
Downtown Largo
52%
Stadium–Armory
52%
Arlington Cemetery
51%
Virginia Square–GMU
51%
Ballston–MU
50%
Clarendon
50%
Court House
50%
Fort Totten
50%
U Street
50%
East Falls Church
49%
Friendship Heights
48%
Judiciary Square
48%
Shaw–Howard University
48%
West Falls Church
48%
Archives
47%
Takoma
46%
Federal Triangle
45%
McLean
45%
Cleveland Park
43%
McPherson Square
43%
Rhode Island Avenue
43%
Brookland–CUA
42%
Medical Center
42%
Mount Vernon Square
42%
North Bethesda
42%
Wheaton
42%
Waterfront
41%
Huntington
40%
Van Ness–UDC
39%
Capitol South
37%
Georgia Avenue–Petworth
37%
Branch Avenue
36%
Columbia Heights
36%
Eastern Market
35%
Potomac Yard
34%
Dunn Loring
33%
Herndon
32%
Twinbrook
32%
Wiehle–Reston East
32%
Grosvenor–Strathmore
31%
Reston Town Center
30%
Braddock Road
28%
Innovation Center
28%
Capitol Heights
26%
Eisenhower Avenue
26%
Van Dorn Street
25%
West Hyattsville
25%
Federal Center SW
24%
Loudoun Gateway
24%
Minnesota Avenue
24%
Forest Glen
23%
Greensboro
23%
Suitland
23%
Congress Heights
21%
Hyattsville Crossing
19%
Spring Hill
19%
Benning Road
18%
Deanwood
18%
Landover
18%
Naylor Road
18%
Potomac Avenue
18%
Addison Road
17%
Cheverly
17%
Southern Avenue
16%
Morgan Boulevard
14%
No matching quizzes found
Score Distribution
Percent of People with Each Score
Percentile by Number Answered
Your Score History
You have not taken this quiz